[Event "DVM U12 2024"]
[Site "Heidelberg GER"]
[Date "2024.12.30"]
[Round "7"]
[White "Heins, Simon"]
[Black "Tu, Audrey"]
[Result "1/2-1/2"]
[Termination "normal"]
[Board "5.1"]
[WhiteElo "1708"]
[BlackElo "1734"]
[WhiteClock "00:03:21"]
[BlackClock "00:16:25"]
[WhiteTeam "Hamburger SK 1830"]
[BlackTeam "SF 59 Kornwestheim"]
[PlyCount "51"]
[WhiteFideId "34660194"]
[BlackFideId "34628568"]
[EventCountry "GER"]
[EventRounds "7"]
[EventType "team-swiss"]
[EventDate "2024.12.26"]

1. e4 {[%clk 01:30:58]} {[%emt 00:00:01]} e5 {[%clk 01:30:55]} {[%emt
00:00:06]} 2. Nc3 {[%clk 01:31:23]} {[%emt 00:00:05]} Nf6 {[%clk 01:31:21]}
{[%emt 00:00:04]} 3. f4 {[%clk 01:31:48]} {[%emt 00:00:05]} d5 {[%clk
01:31:47]} {[%emt 00:00:03]} 4. fxe5 {[%clk 01:32:13]} {[%emt 00:00:05]} Nxe4
{[%clk 01:32:10]} {[%emt 00:00:08]} 5. Qf3 {[%clk 01:32:38]} {[%emt 00:00:04]}
Nxc3 {[%clk 01:32:32]} {[%emt 00:00:08]} 6. bxc3 {[%clk 01:32:58]} {[%emt
00:00:10]} c5 {[%clk 01:32:43]} {[%emt 00:00:20]} 7. Qg3 {[%clk 01:33:18]}
{[%emt 00:00:10]} Nc6 {[%clk 01:32:19]} {[%emt 00:00:54]} 8. Nf3 {[%clk
01:33:23]} {[%emt 00:00:25]} Bf5 {[%clk 01:25:31]} {[%emt 00:07:18]} 9. Bb5
{[%clk 01:25:40]} {[%emt 00:08:14]} Qb6 {[%clk 01:19:31]} {[%emt 00:06:30]} 10.
Bxc6+ {[%clk 01:20:51]} {[%emt 00:05:18]} Qxc6 {[%clk 01:17:01]} {[%emt
00:03:00]} 11. d3 {[%clk 01:14:56]} {[%emt 00:06:25]} g6 {[%clk 01:06:31]}
{[%emt 00:11:01]} 12. O-O {[%clk 01:10:34]} {[%emt 00:04:50]} Bg7 {[%clk
01:02:29]} {[%emt 00:04:33]} 13. Qh4 {[%clk 01:04:52]} {[%emt 00:06:10]} f6
{[%clk 00:55:12]} {[%emt 00:07:49]} 14. exf6 {[%clk 01:01:32]} {[%emt
00:03:50]} Bxf6 {[%clk 00:54:16]} {[%emt 00:01:27]} 15. Re1+ {[%clk 01:01:42]}
{[%emt 00:00:20]} Kf7 {[%clk 00:49:35]} {[%emt 00:05:11]} 16. Ne5+ {[%clk
00:44:36]} {[%emt 00:17:36]} Bxe5 {[%clk 00:46:02]} {[%emt 00:04:04]} 17. Rxe5
{[%clk 00:44:28]} {[%emt 00:00:38]} Rae8 {[%clk 00:45:10]} {[%emt 00:01:21]}
18. Bf4 {[%clk 00:44:21]} {[%emt 00:00:37]} h5 {[%clk 00:41:02]} {[%emt
00:04:39]} 19. Rae1 {[%clk 00:42:21]} {[%emt 00:02:30]} Rxe5 {[%clk 00:38:23]}
{[%emt 00:03:08]} 20. Bxe5 {[%clk 00:42:13]} {[%emt 00:00:37]} Rh7 {[%clk
00:30:37]} {[%emt 00:08:16]} 21. d4 {[%clk 00:34:54]} {[%emt 00:07:50]} c4
{[%clk 00:23:01]} {[%emt 00:08:07]} 22. h3 {[%clk 00:23:56]} {[%emt 00:11:26]}
Qb6 {[%clk 00:17:15]} {[%emt 00:06:17]} 23. g4 {[%clk 00:19:22]} {[%emt
00:05:05]} Be4 {[%clk 00:17:32]} {[%emt 00:00:12]} 24. Rf1+ {[%clk 00:19:09]}
{[%emt 00:00:43]} Kg8 {[%clk 00:17:18]} {[%emt 00:00:45]} 25. Qf2 {[%clk
00:19:00]} {[%emt 00:00:38]} Qd8 {[%clk 00:16:25]} {[%emt 00:01:24]} 26. Qf4
{[%clk 00:03:21]} {[%emt 00:16:04]} 1/2-1/2

[Event "DVM U12 2024"]
[Site "Heidelberg GER"]
[Date "2024.12.30"]
[Round "7"]
[White "Tu, Tiffany"]
[Black "Menke, Raphael Wilhelm"]
[Result "0-1"]
[Termination "normal"]
[Board "5.2"]
[WhiteElo "1667"]
[BlackElo "1742"]
[WhiteClock "00:23:58"]
[BlackClock "00:17:10"]
[WhiteTeam "SF 59 Kornwestheim"]
[BlackTeam "Hamburger SK 1830"]
[PlyCount "100"]
[WhiteFideId "34628576"]
[BlackFideId "34621008"]
[EventCountry "GER"]
[EventRounds "7"]
[EventType "team-swiss"]
[EventDate "2024.12.26"]

1. e4 {[%clk 01:30:53]} {[%emt 00:00:06]} e5 {[%clk 01:30:57]} {[%emt
00:00:03]} 2. Nf3 {[%clk 01:31:13]} {[%emt 00:00:10]} Nc6 {[%clk 01:31:24]}
{[%emt 00:00:03]} 3. Bb5 {[%clk 01:31:35]} {[%emt 00:00:08]} a6 {[%clk
01:31:51]} {[%emt 00:00:04]} 4. Ba4 {[%clk 01:32:01]} {[%emt 00:00:05]} Nf6
{[%clk 01:32:04]} {[%emt 00:00:17]} 5. d3 {[%clk 01:32:25]} {[%emt 00:00:05]}
Bc5 {[%clk 01:32:22]} {[%emt 00:00:11]} 6. c3 {[%clk 01:32:44]} {[%emt
00:00:11]} b5 {[%clk 01:32:41]} {[%emt 00:00:12]} 7. Bb3 {[%clk 01:33:02]}
{[%emt 00:00:11]} d6 {[%clk 01:32:07]} {[%emt 00:01:05]} 8. O-O {[%clk
01:33:00]} {[%emt 00:00:28]} h6 {[%clk 01:31:50]} {[%emt 00:00:50]} 9. Re1
{[%clk 01:33:14]} {[%emt 00:00:15]} O-O {[%clk 01:32:06]} {[%emt 00:00:16]} 10.
Nbd2 {[%clk 01:33:35]} {[%emt 00:00:09]} Bb6 {[%clk 01:32:12]} {[%emt
00:00:25]} 11. Nf1 {[%clk 01:33:57]} {[%emt 00:00:08]} Ne7 {[%clk 01:32:27]}
{[%emt 00:00:15]} 12. Ng3 {[%clk 01:33:58]} {[%emt 00:00:30]} Ng6 {[%clk
01:32:14]} {[%emt 00:00:42]} 13. h3 {[%clk 01:33:24]} {[%emt 00:01:04]} c5
{[%clk 01:31:11]} {[%emt 00:01:33]} 14. Be3 {[%clk 01:31:49]} {[%emt 00:02:05]}
Be6 {[%clk 01:27:01]} {[%emt 00:04:40]} 15. Bc2 {[%clk 01:31:57]} {[%emt
00:00:21]} Qc7 {[%clk 01:25:32]} {[%emt 00:02:00]} 16. Nh2 {[%clk 01:29:10]}
{[%emt 00:03:17]} Rac8 {[%clk 01:22:39]} {[%emt 00:03:23]} 17. Qf3 {[%clk
01:26:51]} {[%emt 00:02:48]} Nh4 {[%clk 01:20:49]} {[%emt 00:02:21]} 18. Qe2
{[%clk 01:26:30]} {[%emt 00:00:50]} Qd7 {[%clk 01:14:01]} {[%emt 00:07:19]} 19.
Nf3 {[%clk 01:23:39]} {[%emt 00:03:21]} Ng6 {[%clk 01:13:23]} {[%emt 00:01:07]}
20. Rad1 {[%clk 01:23:28]} {[%emt 00:00:43]} Rfe8 {[%clk 01:06:56]} {[%emt
00:06:57]} 21. Qd2 {[%clk 01:17:58]} {[%emt 00:05:59]} Kh7 {[%clk 01:04:20]}
{[%emt 00:03:07]} 22. b3 {[%clk 01:15:53]} {[%emt 00:02:35]} Qc7 {[%clk
01:01:04]} {[%emt 00:03:47]} 23. Kh1 {[%clk 01:13:15]} {[%emt 00:03:07]} d5
{[%clk 00:56:52]} {[%emt 00:04:42]} 24. exd5 {[%clk 01:11:27]} {[%emt
00:02:19]} Nxd5 {[%clk 00:57:06]} {[%emt 00:00:17]} 25. Rc1 {[%clk 01:06:17]}
{[%emt 00:05:40]} Ba5 {[%clk 00:53:20]} {[%emt 00:04:16]} 26. Bb1 {[%clk
01:06:12]} {[%emt 00:00:35]} f5 {[%clk 00:51:11]} {[%emt 00:02:39]} 27. b4
{[%clk 01:04:36]} {[%emt 00:02:06]} Nxe3 {[%clk 00:49:03]} {[%emt 00:02:37]}
28. fxe3 {[%clk 01:04:37]} {[%emt 00:00:29]} Bb6 {[%clk 00:48:37]} {[%emt
00:00:56]} 29. Ne2 {[%clk 00:58:03]} {[%emt 00:07:03]} Rcd8 {[%clk 00:47:27]}
{[%emt 00:01:41]} 30. Qb2 {[%clk 00:56:08]} {[%emt 00:02:23]} Qe7 {[%clk
00:40:46]} {[%emt 00:07:12]} 31. Neg1 {[%clk 00:51:35]} {[%emt 00:04:58]} c4
{[%clk 00:37:12]} {[%emt 00:04:10]} 32. d4 {[%clk 00:50:22]} {[%emt 00:01:43]}
e4 {[%clk 00:37:09]} {[%emt 00:00:33]} 33. Nh2 {[%clk 00:49:00]} {[%emt
00:01:52]} Bc7 {[%clk 00:35:25]} {[%emt 00:02:15]} 34. Ne2 {[%clk 00:47:41]}
{[%emt 00:01:48]} Qd6 {[%clk 00:35:08]} {[%emt 00:00:47]} 35. Nf1 {[%clk
00:46:53]} {[%emt 00:01:17]} Ne7 {[%clk 00:35:02]} {[%emt 00:00:36]} 36. Nf4
{[%clk 00:46:35]} {[%emt 00:00:48]} Bf7 {[%clk 00:34:38]} {[%emt 00:00:55]} 37.
Qf2 {[%clk 00:45:53]} {[%emt 00:01:07]} g5 {[%clk 00:34:40]} {[%emt 00:00:32]}
38. Ne2 {[%clk 00:45:58]} {[%emt 00:00:24]} Bg6 {[%clk 00:34:45]} {[%emt
00:00:27]} 39. h4 {[%clk 00:45:16]} {[%emt 00:01:11]} Rf8 {[%clk 00:33:53]}
{[%emt 00:01:22]} 40. Rcd1 {[%clk 00:44:00]} {[%emt 00:01:45]} Nd5 {[%clk
00:33:14]} {[%emt 00:01:09]} 41. a3 {[%clk 00:43:29]} {[%emt 00:01:02]} f4
{[%clk 00:30:30]} {[%emt 00:03:14]} 42. hxg5 {[%clk 00:39:54]} {[%emt
00:04:04]} hxg5 {[%clk 00:30:18]} {[%emt 00:00:43]} 43. exf4 {[%clk 00:33:34]}
{[%emt 00:06:49]} gxf4 {[%clk 00:29:18]} {[%emt 00:01:30]} 44. Qg1 {[%clk
00:28:58]} {[%emt 00:05:03]} Kg7 {[%clk 00:29:11]} {[%emt 00:00:40]} 45. Qf2
{[%clk 00:28:08]} {[%emt 00:01:20]} Rh8+ {[%clk 00:28:59]} {[%emt 00:00:42]}
46. Kg1 {[%clk 00:28:13]} {[%emt 00:00:23]} Qf6 {[%clk 00:26:18]} {[%emt
00:03:12]} 47. Rc1 {[%clk 00:26:21]} {[%emt 00:02:22]} e3 {[%clk 00:23:49]}
{[%emt 00:02:59]} 48. Qf3 {[%clk 00:26:03]} {[%emt 00:00:47]} Bh5 {[%clk
00:16:42]} {[%emt 00:07:37]} 49. Qe4 {[%clk 00:24:01]} {[%emt 00:02:32]} f3
{[%clk 00:16:47]} {[%emt 00:00:25]} 50. gxf3 {[%clk 00:23:58]} {[%emt
00:00:33]} Bxf3 {[%clk 00:17:10]} {[%emt 00:00:07]} 0-1

[Event "DVM U12 2024"]
[Site "Heidelberg GER"]
[Date "2024.12.30"]
[Round "7"]
[White "Tuktamyshev, Timur"]
[Black "Lu, Alexander"]
[Result "1/2-1/2"]
[Termination "normal"]
[Board "5.3"]
[WhiteElo "1531"]
[BlackElo "1572"]
[WhiteClock "00:29:19"]
[BlackClock "00:46:51"]
[WhiteTeam "Hamburger SK 1830"]
[BlackTeam "SF 59 Kornwestheim"]
[PlyCount "116"]
[WhiteFideId "34637125"]
[BlackFideId "34612629"]
[EventCountry "GER"]
[EventRounds "7"]
[EventType "team-swiss"]
[EventDate "2024.12.26"]

1. e4 {[%clk 01:30:58]} {[%emt 00:00:02]} c6 {[%clk 01:30:58]} {[%emt
00:00:02]} 2. d4 {[%clk 01:31:23]} {[%emt 00:00:05]} d5 {[%clk 01:31:26]}
{[%emt 00:00:03]} 3. f3 {[%clk 01:31:46]} {[%emt 00:00:07]} Qb6 {[%clk
01:30:08]} {[%emt 00:01:48]} 4. Nc3 {[%clk 01:30:55]} {[%emt 00:01:21]} e6
{[%clk 01:29:47]} {[%emt 00:00:50]} 5. a3 {[%clk 01:30:35]} {[%emt 00:00:50]}
Nd7 {[%clk 01:29:01]} {[%emt 00:01:16]} 6. Be3 {[%clk 01:29:54]} {[%emt
00:01:12]} Ne7 {[%clk 01:23:40]} {[%emt 00:05:50]} 7. b4 {[%clk 01:22:51]}
{[%emt 00:07:33]} Ng6 {[%clk 01:18:08]} {[%emt 00:06:02]} 8. Na4 {[%clk
01:18:41]} {[%emt 00:04:40]} Qc7 {[%clk 01:17:08]} {[%emt 00:01:28]} 9. e5
{[%clk 01:15:46]} {[%emt 00:03:27]} a5 {[%clk 01:14:29]} {[%emt 00:03:10]} 10.
c3 {[%clk 01:11:54]} {[%emt 00:04:23]} b6 {[%clk 01:10:12]} {[%emt 00:04:47]}
11. h4 {[%clk 01:08:00]} {[%emt 00:04:24]} h5 {[%clk 01:06:47]} {[%emt
00:03:54]} 12. Bd3 {[%clk 01:03:31]} {[%emt 00:04:58]} Ne7 {[%clk 01:01:32]}
{[%emt 00:05:44]} 13. Qe2 {[%clk 00:55:04]} {[%emt 00:08:58]} axb4 {[%clk
01:00:07]} {[%emt 00:01:55]} 14. Qc2 {[%clk 00:41:43]} {[%emt 00:13:52]} b5
{[%clk 00:58:41]} {[%emt 00:01:56]} 15. Nb2 {[%clk 00:38:43]} {[%emt 00:03:30]}
Rxa3 {[%clk 00:57:36]} {[%emt 00:01:35]} 16. Rxa3 {[%clk 00:38:15]} {[%emt
00:00:58]} bxa3 {[%clk 00:57:35]} {[%emt 00:00:30]} 17. Nd1 {[%clk 00:38:18]}
{[%emt 00:00:27]} Qa7 {[%clk 00:57:05]} {[%emt 00:00:58]} 18. Qa2 {[%clk
00:38:35]} {[%emt 00:00:16]} Nb6 {[%clk 00:56:23]} {[%emt 00:01:10]} 19. Bc1
{[%clk 00:38:39]} {[%emt 00:00:28]} Nc4 {[%clk 00:56:17]} {[%emt 00:00:34]} 20.
Bxc4 {[%clk 00:38:14]} {[%emt 00:00:56]} dxc4 {[%clk 00:54:45]} {[%emt
00:02:01]} 21. Qxa3 {[%clk 00:37:41]} {[%emt 00:01:04]} Qxa3 {[%clk 00:54:34]}
{[%emt 00:00:41]} 22. Bxa3 {[%clk 00:38:09]} {[%emt 00:00:03]} Nd5 {[%clk
00:54:25]} {[%emt 00:00:37]} 23. Bxf8 {[%clk 00:38:29]} {[%emt 00:00:12]} Kxf8
{[%clk 00:54:15]} {[%emt 00:00:40]} 24. Ne2 {[%clk 00:38:26]} {[%emt 00:00:33]}
Rh6 {[%clk 00:54:00]} {[%emt 00:00:44]} 25. Kf2 {[%clk 00:38:25]} {[%emt
00:00:32]} Ke7 {[%clk 00:50:35]} {[%emt 00:03:54]} 26. Ne3 {[%clk 00:38:00]}
{[%emt 00:00:55]} Nb6 {[%clk 00:48:46]} {[%emt 00:02:18]} 27. Ra1 {[%clk
00:37:07]} {[%emt 00:01:24]} Na4 {[%clk 00:48:19]} {[%emt 00:00:57]} 28. Nxc4
{[%clk 00:35:20]} {[%emt 00:02:17]} Rh8 {[%clk 00:46:47]} {[%emt 00:02:01]} 29.
Nd6 {[%clk 00:32:43]} {[%emt 00:03:08]} Bd7 {[%clk 00:46:52]} {[%emt 00:00:23]}
30. c4 {[%clk 00:25:19]} {[%emt 00:07:56]} Ra8 {[%clk 00:44:17]} {[%emt
00:02:53]} 31. Nc3 {[%clk 00:20:39]} {[%emt 00:05:22]} Nb6 {[%clk 00:41:31]}
{[%emt 00:03:15]} 32. Rxa8 {[%clk 00:20:49]} {[%emt 00:00:21]} Nxa8 {[%clk
00:41:58]} {[%emt 00:00:03]} 33. cxb5 {[%clk 00:21:01]} {[%emt 00:00:18]} cxb5
{[%clk 00:42:20]} {[%emt 00:00:08]} 34. Ncxb5 {[%clk 00:21:01]} {[%emt
00:00:29]} f6 {[%clk 00:40:10]} {[%emt 00:02:40]} 35. f4 {[%clk 00:19:11]}
{[%emt 00:02:21]} f5 {[%clk 00:37:37]} {[%emt 00:03:03]} 36. Nc3 {[%clk
00:17:11]} {[%emt 00:02:31]} Nb6 {[%clk 00:36:47]} {[%emt 00:01:13]} 37. g3
{[%clk 00:11:31]} {[%emt 00:06:16]} g6 {[%clk 00:35:47]} {[%emt 00:01:31]} 38.
Ke3 {[%clk 00:09:55]} {[%emt 00:02:06]} Bc6 {[%clk 00:34:50]} {[%emt 00:01:25]}
39. Kd3 {[%clk 00:07:33]} {[%emt 00:02:54]} Kd7 {[%clk 00:30:08]} {[%emt
00:05:11]} 40. Kc2 {[%clk 00:04:48]} {[%emt 00:03:16]} Kc7 {[%clk 00:29:58]}
{[%emt 00:00:37]} 41. Kb2 {[%clk 00:02:58]} {[%emt 00:02:22]} Kb8 {[%clk
00:26:28]} {[%emt 00:03:56]} 42. Ka3 {[%clk 00:01:52]} {[%emt 00:01:41]} Nd5
{[%clk 00:24:32]} {[%emt 00:02:24]} 43. Nxd5 {[%clk 00:02:10]} {[%emt
00:00:15]} Bxd5 {[%clk 00:25:00]} {[%emt 00:00:02]} 44. Kb4 {[%clk 00:01:58]}
{[%emt 00:00:42]} Kc7 {[%clk 00:24:59]} {[%emt 00:00:26]} 45. Kc5 {[%clk
00:02:08]} {[%emt 00:00:25]} Bf3 {[%clk 00:24:28]} {[%emt 00:01:01]} 46. Nb5+
{[%clk 00:02:04]} {[%emt 00:00:34]} Kd7 {[%clk 00:24:35]} {[%emt 00:00:23]} 47.
Nc3 {[%clk 00:02:10]} {[%emt 00:00:24]} Bg4 {[%emt 00:03:24]} 48. d5 {[%clk
00:02:27]} {[%emt 00:00:12]} Bf3 {[%clk 00:21:34]} {[%emt 00:00:38]} 49. d6
{[%clk 00:02:19]} {[%emt 00:00:38]} Bc6 {[%clk 00:20:56]} {[%emt 00:01:08]} 50.
Kb6 {[%clk 00:02:16]} {[%emt 00:00:33]} Be4 {[%clk 00:20:02]} {[%emt 00:01:24]}
51. Na4 {[%clk 00:02:37]} {[%emt 00:00:10]} Bd5 {[%clk 00:19:36]} {[%emt
00:00:56]} 52. Nc5+ {[%clk 00:02:32]} {[%emt 00:00:35]} Kc8 {[%clk 00:19:43]}
{[%emt 00:00:21]} 53. Ka7 {[%clk 00:01:58]} {[%emt 00:01:06]} Bc4 {[%clk
00:19:19]} {[%emt 00:00:50]} 54. Kb6 {[%clk 00:01:37]} {[%emt 00:00:55]} Bd5
{[%clk 00:18:51]} {[%emt 00:00:56]} 55. Na6 {[%clk 00:00:47]} {[%emt 00:01:21]}
Kd7 {[%clk 00:17:51]} {[%emt 00:01:30]} 56. Nb8+ {[%clk 00:00:33]} {[%emt
00:00:45]} Kc8 {[%clk 00:17:23]} {[%emt 00:00:55]} 57. d7+ {[%clk 00:00:31]}
{[%emt 00:00:35]} Kd8 {[%clk 00:17:39]} {[%emt 00:00:13]} 58. Kc5 {[%clk
00:29:19]} {[%emt 00:01:40]} Kc7 {[%clk 00:46:51]} {[%emt 00:01:18]} 1/2-1/2

[Event "DVM U12 2024"]
[Site "Heidelberg GER"]
[Date "2024.12.30"]
[Round "7"]
[White "Liu, Miran"]
[Black "Huang, Felix Haoming"]
[Result "1/2-1/2"]
[Termination "normal"]
[Board "5.4"]
[WhiteElo "962"]
[BlackElo "1215"]
[WhiteClock "01:02:45"]
[BlackClock "01:08:51"]
[WhiteTeam "SF 59 Kornwestheim"]
[BlackTeam "Hamburger SK 1830"]
[PlyCount "76"]
[WhiteFideId "34612610"]
[EventCountry "GER"]
[EventRounds "7"]
[EventType "team-swiss"]
[EventDate "2024.12.26"]

1. e4 {[%clk 01:30:57]} {[%emt 00:00:02]} e5 {[%clk 01:30:57]} {[%emt
00:00:03]} 2. Nf3 {[%clk 01:31:23]} {[%emt 00:00:05]} Nc6 {[%clk 01:31:15]}
{[%emt 00:00:11]} 3. Bc4 {[%clk 01:31:48]} {[%emt 00:00:06]} Nf6 {[%clk
01:31:18]} {[%emt 00:00:26]} 4. d3 {[%clk 01:32:06]} {[%emt 00:00:12]} d6
{[%clk 01:31:03]} {[%emt 00:00:46]} 5. Nc3 {[%clk 01:32:24]} {[%emt 00:00:12]}
Ne7 {[%clk 01:30:53]} {[%emt 00:00:39]} 6. Bg5 {[%clk 01:32:31]} {[%emt
00:00:24]} Ng6 {[%clk 01:31:01]} {[%emt 00:00:22]} 7. Nd5 {[%clk 01:31:17]}
{[%emt 00:01:43]} Be7 {[%clk 01:27:10]} {[%emt 00:04:20]} 8. Nxe7 {[%clk
01:28:42]} {[%emt 00:03:06]} Qxe7 {[%clk 01:26:05]} {[%emt 00:01:32]} 9. Qd2
{[%clk 01:25:42]} {[%emt 00:03:33]} h6 {[%clk 01:25:33]} {[%emt 00:00:58]} 10.
Bxf6 {[%clk 01:24:52]} {[%emt 00:01:23]} Qxf6 {[%clk 01:25:39]} {[%emt
00:00:25]} 11. h3 {[%clk 01:23:38]} {[%emt 00:01:44]} c6 {[%clk 01:25:28]}
{[%emt 00:00:41]} 12. O-O-O {[%clk 01:22:13]} {[%emt 00:01:55]} Be6 {[%clk
01:25:43]} {[%emt 00:00:15]} 13. Kb1 {[%clk 01:20:44]} {[%emt 00:02:00]} O-O
{[%clk 01:25:22]} {[%emt 00:00:50]} 14. c3 {[%clk 01:16:36]} {[%emt 00:04:38]}
c5 {[%clk 01:25:29]} {[%emt 00:00:24]} 15. Bxe6 {[%clk 01:15:51]} {[%emt
00:01:14]} fxe6 {[%clk 01:25:20]} {[%emt 00:00:39]} 16. d4 {[%clk 01:13:22]}
{[%emt 00:03:00]} Qf4 {[%clk 01:20:56]} {[%emt 00:04:53]} 17. Qxf4 {[%clk
01:09:47]} {[%emt 00:04:05]} exf4 {[%clk 01:10:35]} {[%emt 00:10:51]} 18. dxc5
{[%clk 01:09:22]} {[%emt 00:00:55]} dxc5 {[%clk 01:10:45]} {[%emt 00:00:20]}
19. Rd6 {[%clk 01:07:46]} {[%emt 00:02:05]} Rf6 {[%clk 01:10:24]} {[%emt
00:00:51]} 20. e5 {[%clk 01:07:25]} {[%emt 00:00:52]} Rf7 {[%clk 01:09:34]}
{[%emt 00:01:20]} 21. Rxe6 {[%clk 01:07:07]} {[%emt 00:00:48]} Nf8 {[%clk
01:09:39]} {[%emt 00:00:24]} 22. Rd6 {[%clk 01:06:25]} {[%emt 00:01:13]} Re8
{[%clk 01:09:41]} {[%emt 00:00:28]} 23. Re1 {[%clk 01:05:45]} {[%emt 00:01:10]}
Rd7 {[%clk 01:09:23]} {[%emt 00:00:47]} 24. Rxd7 {[%clk 01:05:02]} {[%emt
00:01:14]} Nxd7 {[%clk 01:09:37]} {[%emt 00:00:17]} 25. Kc2 {[%clk 01:04:10]}
{[%emt 00:01:22]} Kf7 {[%clk 01:09:10]} {[%emt 00:00:56]} 26. h4 {[%clk
01:03:37]} {[%emt 00:01:04]} Kg6 {[%clk 01:09:05]} {[%emt 00:00:34]} 27. g4
{[%clk 01:03:32]} {[%emt 00:00:35]} fxg3 {[%clk 01:09:19]} {[%emt 00:00:16]}
28. fxg3 {[%clk 01:03:13]} {[%emt 00:00:48]} Kf5 {[%clk 01:09:38]} {[%emt
00:00:11]} 29. Kd3 {[%clk 01:02:11]} {[%emt 00:01:32]} Nxe5+ {[%clk 01:09:45]}
{[%emt 00:00:23]} 30. Nxe5 {[%clk 01:02:28]} {[%emt 00:00:13]} Rxe5 {[%clk
01:10:01]} {[%emt 00:00:13]} 31. Rxe5+ {[%clk 01:02:54]} {[%emt 00:00:04]} Kxe5
{[%clk 01:10:21]} {[%emt 00:00:10]} 32. Ke3 {[%clk 01:03:06]} {[%emt 00:00:19]}
g5 {[%clk 01:10:35]} {[%emt 00:00:14]} 33. hxg5 {[%clk 01:03:16]} {[%emt
00:00:20]} hxg5 {[%clk 01:10:43]} {[%emt 00:00:22]} 34. g4 {[%clk 01:03:29]}
{[%emt 00:00:18]} b5 {[%clk 01:10:45]} {[%emt 00:00:27]} 35. b4 {[%clk
01:03:13]} {[%emt 00:00:46]} c4 {[%clk 01:08:05]} {[%emt 00:03:10]} 36. a3
{[%clk 01:03:14]} {[%emt 00:00:31]} a6 {[%clk 01:08:00]} {[%emt 00:00:35]} 37.
Kf3 {[%clk 01:02:47]} {[%emt 00:00:57]} Kd5 {[%clk 01:08:27]} {[%emt 00:00:03]}
38. Ke3 {[%clk 01:02:45]} {[%emt 00:00:32]} Ke5 {[%clk 01:08:51]} {[%emt
00:00:06]} 1/2-1/2